Swoon /
Saved in:
| Other Authors: | , , |
|---|---|
| Format: | |
| Language: | English |
| Published: |
[s.l.] :
Connoisseur Video,
[dopo il 1992]
|
| Tags: |
No Tags, Be the first to tag this record!
|
MARC
| LEADER | 00000ngm a22000007i 4500 | ||
|---|---|---|---|
| 001 | IT\ICCU\UBO\2858011 | ||
| 003 | ItRI | ||
| 005 | 20260124182816.0 | ||
| 008 | 060608s1992 xxk|||||||||||||||k|||||c | ||
| 040 | |b ita | ||
| 041 | 7 | |a eng |2 ISO-639-2 | |
| 245 | 0 | 0 | |a Swoon / |c written and directed by Tom Kalin. |
| 246 | 1 | 3 | |a Swoon <videoregistrazione> |9 IT\ICCU\UBO\2993295 |
| 260 | |a [s.l.] : |b Connoisseur Video, |c [dopo il 1992] | ||
| 300 | |a 1 videocassetta (VHS) (ca. 80 min.) : |b b/n, son | ||
| 500 | |a Tit. del contenitore | ||
| 500 | |a Film del 1992 , prod. Usa ; interpreti: Daniel Schlachet, Craig Chester | ||
| 500 | |a Lingua: inglese | ||
| 500 | |a Vietato ai minori di 18 anni. | ||
| 700 | 1 | |a Schlachet, Daniel |0 IT\ICCU\UBOV\033481 | |
| 700 | 1 | |a Chester, Craig |0 IT\ICCU\UBOV\033483 | |
| 700 | 1 | |a Kalin, Tom |0 IT\ICCU\UBOV\809154 | |
| 942 | |2 ddc |c VM |n 0 | ||
| 952 | |0 0 |1 0 |4 0 |6 VO_294_000000000000000 |7 0 |9 26652 |a BO |b BO |d 2026-01-24 |i 7306 |l 0 |o VO 294 |p BO7306 |r 2026-01-24 18:28:16 |w 2026-01-24 |x [Sebina 5] [1 videocassetta] |y VM |z 1 videocassetta | ||
| 999 | |c 22542 |d 22542 | ||